| 000 | 00800nac a22002411u 4500 | ||
|---|---|---|---|
| 010 | _a93032500 | ||
| 020 | _a0070214964 (acid-free paper) | ||
| 020 | _a0071133135 : | ||
| 082 | 0 | 0 |
_a621.381 _bFON |
| 090 |
_c9624 _d9624 |
||
| 100 | _aFonstad, Clifton G. | ||
| 245 | 1 | 0 |
_aMicroelectronic devices and circuits / _cClifton G. Fonstad. |
| 260 |
_aNew York : _bMcGraw-Hill,1994. _cc1994. |
||
| 300 |
_axviii, 686 p. : _bill. ; _c25 cm. |
||
| 440 | 0 | _aMcGraw-Hill series in electrical and computer engineering. | |
| 500 | _aIncludes index. | ||
| 500 | _aDistributer: Al-Ahram | ||
| 511 | _aCatalogued by: Sara | ||
| 650 | 0 | _aMicroelectronics. | |
| 650 | 0 | _aElectric circuit analysis. | |
| 650 | 0 | _aElectric circuits, Nonlinear. | |
| 942 |
_cBB _k621.381FON |
||
| 999 |
_c9624 _d9624 |
||